000 00583nam a2200181Ia 4500
008 100921s9999 xx 000 0 und d
082 _b29019
_a891.463 थ 72
100 _aआपटे हरी नारायण.
245 _aसूर्योदय.
260 _bरम्यकथा प्रकाशन, पुणे.
_c1972
300 _a449
_b---
365 _b14
520 _aललित-कादंबरी.
630 _aसूर्योदय.
650 _aललित-कादंबरी.
730 _aसूर्योदय.
942 _cBOOK
999 _c778132
_d778129